Plan de desarrollo forestal.
Guardado en:
| Formato: | Libro |
|---|---|
| Idioma: | Spanish |
| Materias: | |
| Etiquetas: |
Agregar Etiqueta
Sin Etiquetas, Sea el primero en etiquetar este registro!
|
| LEADER | 00516nam a22001815a 4500 | ||
|---|---|---|---|
| 001 | EEA.libagro005284 | ||
| 005 | 20180913113124.0 | ||
| 008 | 130809s1996####ag############000#0#spa#d | ||
| 082 | 0 | 4 | |a 634.90982 |
| 082 | 0 | 4 | |a 338.18 |
| 245 | 1 | 0 | |a Plan de desarrollo forestal. |
| 300 | |a 81 p. ; |c 22,5 cm. | ||
| 500 | |a Portada y texto también en inglés | ||
| 653 | |a Argentina | ||
| 653 | |a Silvicultura | ||
| 653 | |a Produccion forestal | ||
| 653 | |a Recursos forestales | ||
| 859 | |a AR-BbBCA |b BIB. AGRONOMIA |h 634.90982 |i A691-2 |p 1996/2557 | ||
